| 000 | 00837nmm a2200265 a 4500 | ||
|---|---|---|---|
| 001 | ocm000891592 | ||
| 003 | TR-IsHL | ||
| 005 | 20201028144448.0 | ||
| 008 | 141201s2012 tu tur | ||
| 007 | cr cn | ||
| 020 | _a9786056251795 | ||
| 035 |
_a891592 _b(N$T) |
||
| 050 | 0 | 4 |
_aLA1411 _b.Ö93 2012 |
| 090 | 0 | 4 |
_aLA1411 _b.Ö93 2012 |
| 100 | 1 | _aÖzcan, Faruk | |
| 245 | 1 | 0 |
_aTüm tartışmaların odağı okul: 4+4+4 imam-hatip _h[electronic resource] / _cFaruk Özcan |
| 260 |
_aİstanbul : _bToplumsal Dönüşüm Yayınları, _c2012 |
||
| 300 | _a450 p. | ||
| 650 | 4 | _aEğitim | |
| 650 | 4 | _aEducation | |
| 650 | 0 |
_aEğitim _x Türkiye |
|
| 650 | 0 |
_aEducation _x Turkey |
|
| 650 | 7 |
_aEDUCATION / General _2bisacsh |
|
| 856 | 4 | 0 | _uhttp://search.ebscohost.com/login.aspx?direct=true&scope=site&db=e011xww&AN=891592 |
| 999 |
_c9437 _d9437 |
||